000 00893nam a2200277 i 4500
001 bg
100 1 _aPOMIANOWSKI, Jerzy
245 1 0 _aPytania testowe kat. B /
_c[aut. Jerzy Pomianowski, Jerzy K. Orlewski, Stanisław Kucner].
260 _aBielsko-Biała :
_b"Park",
_c[1999].
300 _a197 s. ;
_crys. kolor. +
_e20 cm.
500 _aNa okł. odwrotna kol. aut.
650 9 _aEgzaminy na prawo jazdy
650 9 _aKomunikacja drogowa
_xprawo
_zPolska
_ystan na 1999 r.
650 9 _aKomunikacja drogowa
_xbezpieczeństwo
650 9 _aSamochody
_xobsługa i eksploatacja
655 _aĆwiczenia i zadania
700 1 _aORLEWSKI, Jerzy K.
700 1 _aKUCNER, Stanisław
020 _a8387056855
040 _cBPK
041 0 _apl
080 _a656.1:629.331.004+351.811.122](438)
920 _a83-87056-85-5
942 _cKS
008 s pl f |000 0 pol
999 _c36026
_d36026
856 _uhttp://koha.tu.koszalin.pl/cgi-bin/koha/opac-detail.pl?biblionumber=36026
_yKatalog online BPK